|
|
|
|
| LEADER |
01915cas a2200241 a 4500 |
| 001 |
AALejournalIMF006708 |
| 008 |
230101c9999 xx r poo 0 0eng d |
| 020 |
|
|
|c 5.00 USD
|
| 020 |
|
|
|z 9781455205356
|
| 022 |
|
|
|a 1018-5941
|
| 040 |
|
|
|a BD-DhAAL
|c BD-DhAAL
|
| 100 |
1 |
|
|a Mrkaic, Mico.
|
| 245 |
1 |
0 |
|a Information Content of DQAF Indicators :
|b Empirical Entropy Analysis /
|c Mico Mrkaic.
|
| 264 |
|
1 |
|a Washington, D.C. :
|b International Monetary Fund,
|c 2010.
|
| 300 |
|
|
|a 1 online resource (25 pages)
|
| 490 |
1 |
|
|a IMF Working Papers
|
| 500 |
|
|
|a <strong>Off-Campus Access:</strong> No User ID or Password Required
|
| 500 |
|
|
|a <strong>On-Campus Access:</strong> No User ID or Password Required
|
| 506 |
|
|
|a Electronic access restricted to authorized BRAC University faculty, staff and students
|
| 520 |
3 |
|
|a The study presents an analysis of the information content of IMF's Data Quality Assessment Framework (DQAF) indicators. There are significant differences in the quantity of information between DQAF dimensions and sub-dimensions. The most informative DQAF dimension is accessibility, followed by the prerequisites of quality and accuracy and reliability. The least informative DQAF dimensions are serviceability and assurances of integrity. The implication of these findings is that the current DQAF indicators do not maximize the amount of information that could be obtained during data ROSC missions. An additional set of assessments that would refine the existing DQAF indicators would be beneficial in maximizing the information gathered during data ROSC mission. The entropy of DQAF indicators could also be used in the construction of a cardinal index of data quality.
|
| 538 |
|
|
|a Mode of access: Internet
|
| 830 |
|
0 |
|a IMF Working Papers; Working Paper ;
|v No. 2010/204
|
| 856 |
4 |
0 |
|z Full text available on IMF
|u http://elibrary.imf.org/view/journals/001/2010/204/001.2010.issue-204-en.xml
|z IMF e-Library
|